ბათუმის შოთა რუსთაველის სახელმწიფო უნივერსიტეტის ბიბლიოთეკა

მსახურაძეები. (ბიბ.ჩანაწერი № 40677)

000 -LEADER
fixed length control field 00849nam a2200217Ia 4500
001 - CONTROL NUMBER
control field 7312
003 - CONTROL NUMBER IDENTIFIER
control field GE_BSU
008 - FIXED-LENGTH DATA ELEMENTS--GENERAL INFORMATION
fixed length control field 181216s||||||||xx |||||||||||||| ||und||
040 ## - CATALOGING SOURCE
Transcribing agency GE_BSU
080 ## - UNIVERSAL DECIMAL CLASSIFICATION NUMBER
Universal Decimal Classification number 94(479.223)+929.52(479.223)
100 ## - MAIN ENTRY--PERSONAL NAME
Personal name მსახურაძე, ჯემალ,რამაზ სურმანიძე;
245 ## - TITLE STATEMENT
Title მსახურაძეები.
245 ## - TITLE STATEMENT
Remainder of title ისტორიულ–გენეალოგიური ნარკვევები
245 ## - TITLE STATEMENT
Statement of responsibility, etc. რედ.: რამაზ მსახურაძე.
260 ## - PUBLICATION, DISTRIBUTION, ETC.
Place of publication, distribution, etc. თბილისი.
260 ## - PUBLICATION, DISTRIBUTION, ETC.
Date of publication, distribution, etc. 2012.
300 ## - PHYSICAL DESCRIPTION
Extent 140 გვ.; ილ.; 21 სმ.
653 ## - INDEX TERM--UNCONTROLLED
Uncontrolled term ისტორიულ–გენეალოგიური ნარკვევები
653 ## - INDEX TERM--UNCONTROLLED
Uncontrolled term მსახურაძეები.
942 ## - ADDED ENTRY ELEMENTS (KOHA)
Koha item type წიგნი
ეგზემპლარები
Withdrawn status Lost status Damaged status Not for loan Date acquired Barcode Date last seen Price effective from Koha item type
        2018-12-17 18676 2018-12-17 2018-12-17 წიგნი